| 000 | 00472nam a2200181Ia 4500 | ||
|---|---|---|---|
| 001 | 44434 | ||
| 008 | 140428s9999 xx 000 0 und d | ||
| 020 | _aNA | ||
| 040 | _cPK-LaUMT | ||
| 082 |
_aRHC 891.4393 _bMAZ-B |
||
| 100 | _aMazhar Ali Khan Wila | ||
| 245 |
_aBaitaal pachcheesi (Urdu) _cMazhar Ali Khan Wila |
||
| 260 |
_aLahore,Pakistan: _bMajlas-e-Taraqi Adab, _c1965 |
||
| 300 | _a194 p. | ||
| 546 | _aUR | ||
| 650 | _aPakistani literature-Urdu | ||
| 942 | _cBK | ||
| 999 |
_c42427 _d42427 |
||